[Event "Terrassa op-B"]
[Site "Terrassa"]
[Date "1996.??.??"]
[Round "1"]
[White "Marawi, Z."]
[Black "Estragues Hurtado, V."]
[Result "1-0"]
[WhiteElo "2000"]
[BlackElo "1820"]
[PlyCount "69"]
[EventDate "1996.07.??"]
[EventType "swiss"]
[EventRounds "9"]
[EventCountry "ESP"]
[SourceTitle "EXT 2002"]
[Source "ChessBase"]
[SourceDate "2001.11.25"]
[SourceVersion "1"]
[SourceVersionDate "2001.11.25"]
[SourceQuality "1"]

1. e4 e5 2. Nf3 Nc6 3. Bb5 a6 4. Ba4 d6 5. c3 Nf6 6. d3 Be7 7. 0-0 0-0 8. Re1 Bd7 9. Nbd2 Re8 10. Nf1 Bf8 11. Ng3 Ne7 12. Bb3 Ng6 13. Ng5 Be6 14. Bxe6 fxe6 15. Qb3 Qd7 16. d4 h6 17. Nh3 exd4 18. cxd4 Kh8 19. Qf3 e5 20. d5 Nh4 21. Qc3 Qf7 22. f4 Ng6 23. f5 Nh4 24. Bd2 g6 25. fxg6 Qxg6 26. Re2 Re7 27. Rf1 Nh5 28. Nxh5 Qxh5 29. Nf4 Qg4 30. h3 Qg8 31. Ne6 Rc8 32. Rf6 Ng6 33. Ref2 Bg7 34. Rxg6 Qh7 35. Qg3 1-0

[Event "Manresa op"]
[Site "Manresa"]
[Date "1995.??.??"]
[Round "2"]
[White "Marawi, Z."]
[Black "Vidarte Morales, Arturo"]
[Result "0-1"]
[WhiteElo "2150"]
[BlackElo "2355"]
[PlyCount "82"]
[EventDate "1995.??.??"]
[EventType "swiss"]
[EventRounds "9"]
[EventCountry "ESP"]
[SourceTitle "EXT 1998"]
[Source "ChessBase"]
[SourceDate "1997.11.17"]
[SourceVersion "1"]
[SourceVersionDate "1997.11.17"]
[SourceQuality "1"]

1. e4 c5 2. Nf3 e6 3. d4 cxd4 4. Nxd4 a6 5. Be3 Qc7 6. Be2 Nf6 7. Nc3 b5 8. Bf3 Nc6 9. 0-0 Ne5 10. Be2 Bb7 11. f3 Be7 12. a3 0-0 13. Qd2 Rfd8 14. Kh1 d6 15. Rad1 Rac8 16. Qe1 Nc4 17. Bxc4 Qxc4 18. Qg3 b4 19. axb4 Qxb4 20. Nce2 a5 21. c3 Qc4 22. b3 Qc7 23. Qh3 d5 24. exd5 Nxd5 25. Bd2 Bf6 26. c4 Nb4 27. Bc3 Qd7 28. Qg4 h5 29. Qxh5 e5 30. Nb5 Qxd1 31. Rxd1 Rxd1+ 32. Ng1 Nd3 33. h3 Nf4 34. Qg4 Ne2 35. Nd6 Rd8 36. Nxb7 Rxg1+ 37. Kh2 Rdd1 38. Qc8+ Kh7 39. g3 Rdf1 40. h4 Rf2+ 41. Kh3 Rxg3# 0-1